| 000 | 00748cab a2200277 4500 | ||
|---|---|---|---|
| 001 | WB2709-15 | ||
| 008 | 090401t1991 xxu||||| |||| 00| 0 eng d | ||
| 035 | _a(Sirsi) u21260 | ||
| 041 | _aeng | ||
| 245 | _aForeign investors help the property market | ||
| 260 | _c1991 | ||
| 350 | _a0 | ||
| 490 |
_aTimes _v27/2/91 p38 |
||
| 520 | _aDiscusses the role of foreign investors in helping the depressed property market. | ||
| 650 | _aPROPERTY-COMMERCIAL PROPERTY | ||
| 650 | _aDEVELOPMENT | ||
| 650 | _aINTEREST RATES | ||
| 650 | _aINVESTMENT | ||
| 650 | _aJAPAN | ||
| 650 | _aKUMAGAI GUMI UK | ||
| 650 | _aRECESSION | ||
| 650 | _aSWEDEN | ||
| 690 | _aPROPERTY-PROPERTY FINANCE AND INVESTMENT | ||
| 942 | _n0 | ||
| 948 | _c04/03/1997 | ||
| 999 |
_c14271 _d14271 |
||